Phonétique - État des États-Unis - Statistiques

Statistiques générales
  • Ce quiz a été pris 100 fois
  • Le résultat moyen est 13 sur 15
Statistiques - réponses
Phonétique État % Correct
aʁizɔna Arizona
100%
ma.sa.ʃu.sɛts Massachussetts
98%
pɛn.sil.va.ni Pennsylvanie
97%
tɛk.sas Texas
97%
o.a.jo Ohio
96%
i.li.nwa Illinois
95%
kɔnɛktikœt Connecticut
94%
mɛin Maine
94%
dɛ.la.wɛʁ Delaware
90%
y.ta Utah
88%
ʁod.a.ilænd Rhode Island
85%
a.va.i Hawaii
80%
lwi.zjan Louisiane
80%
wi.jɔ.mɛ̃g Wyoming
77%
ʒe.ɔʁ.ʒi Géorgie
59%
Aucun quiz correspondant
Distribution des résultats
% des personnes avec chaque résultat
Percentile par nombre de réponses
Votre historique - résultats
Vous n’avez pas pris ce quiz